Statistics for Great Lakes Champions by Picture (Marvel)

Click here to take the quiz!

General Stats

  • This quiz has been taken 5 times
  • The average score is 6 of 8

Answer Stats

Answer% Correct
Big Bertha
100%
Squirrel Girl
100%
Flat Man
80%
Mr. Immortal
80%
Dinah Soar
60%
Doorman
60%
Grasshopper
60%
Gravity
60%

Score Distribution

Percentile by Number Answered

Percent of People with Each Score

Your Score History

You have not taken this quiz